Lektury szkolne i ich autorzy - szkoła podstawowa - Statystyki

Ogólne statystyki
  • Ten quiz został rozwiązany 130 razy
  • Średni wynik to 8 z 13
Statystyki odpowiedzi
Lektura Autor % Poprawnych
W pustyni i w puszczy, Quo Vadis Henryk Sienkiewicz
93%
Pan Tadeusz, Dziady, Reduta Ordona... Adam Mickiewicz
92%
Balladyna Juliusz Słowacki
90%
Fraszki, Treny Jan Kochanowski
74%
Zemsta Aleksander Fredro
67%
Kamienie na szaniec Aleksander Kamiński
60%
Opowieść Wigilijna Charles Dickens
57%
Akademia Pana Kleksa Jan Brzechwa
53%
Syzyfowe prace Stefan Żeromski
49%
Hobbit: czyli tam i z powrotem John Ronald Reuel Tolkien
38%
Artysta Sławomir Mrożek
38%
Mały Książę Antoine de Saint Exupéry
35%
Chłopcy z placu broni Ferenc Molnár
27%
Nie znaleziono quizów pasujących do podanych kryteriów
Rozkład punktacji
Procent ludzi z każdym wynikiem
Percentyl według liczby udzielonych odpowiedzi
Twoja historia wyników
Nie rozwiązałeś tego quizu